Statistics for Countries Closest to St Kitts and Nevis - 30 Second Sprint

Click here to take the quiz!

General Stats

  • This quiz has been taken 77 times
  • The average score is 10 of 20

Answer Stats

kmcountrymiles% Correct
375St Lucia233
86%
440St Vincent
and the Grenadines
273
82%
200Dominica125
77%
68Antigua and Barbuda42
70%
942Haiti585
70%
1228Cuba763
68%
523Grenada325
63%
524Barbados325
60%
593Dominican Republic369
58%
677Trinidad and Tobago421
58%
1170Bahamas727
53%
1414Jamaica878
51%
674Venezuela419
28%
1063Colombia660
23%
992Guyana617
23%
1378Suriname856
21%
1341Brazil833
19%
931Aruba578
18%
70Sint Maarten43
16%
870Curaçao541
12%

Score Distribution

Percentile by Number Answered

Percent of People with Each Score

Your Score History

You have not taken this quiz